000 00571nam a22001817a 4500
005 20251108165804.0
008 250721s1992 xx 000 0 ara d
082 1 4 _aط/211.8/لما
100 1 _aلماضة، عاطف
245 1 0 _aأبو لهب و حمالة الحطب /
264 1 _aطنطا :
_bدار الصحابة للتراث،
_c1992.
300 _a32ص.
490 0 _aسلسلة قصص القران للاطفال
650 1 7 _aقصص القرآن
653 _aاطفال مرحلة متوسطة (6-9) سنوات
942 _2ddc
_cBK
999 _c31313
_d31313